[Event "USCL Week 10"]
[Site "Internet Chess Club"]
[Date "2014.10.28"]
[Round "?"]
[White "Yip, Carissa"]
[Black "Rozman, Levy"]
[Result "0-1"]
[WhiteElo "2141"]
[BlackElo "2382"]
[PlyCount "64"]
[EventDate "2014.??.??"]

1. e4 c6 2. d4 d5 3. Nc3 dxe4 4. Nxe4 Bf5 5. Ng3 Bg6 6. Nf3 Nd7 7. h4 h6 8. h5
Bh7 9. Bd3 Bxd3 10. Qxd3 e6 11. Bd2 Ngf6 12. O-O-O Be7 13. Kb1 O-O 14. Ne4 Nxe4
15. Qxe4 Nf6 16. Qe2 Qd5 17. Ne5 Qe4 18. Be3 Nd5 19. Rh3 Rad8 20. Rg3 Kh8 21.
Rxg7 Nxe3 22. Rxf7 Qxe5 23. Rxf8+ Bxf8 24. fxe3 Qe4 25. Rf1 e5 26. Qf2 Bg7 27.
dxe5 Qxe5 28. c3 Qxh5 29. Qc2 Qg5 30. Qe2 Qg6+ 31. Ka1 Qd3 32. Qf3 Rf8 0-1

[Event "USCL Week 10"]
[Site "Internet Chess Club"]
[Date "2014.10.28"]
[Round "?"]
[White "Collins, William"]
[Black "Jacobson, Aaron"]
[Result "0-1"]
[WhiteElo "2122"]
[BlackElo "2139"]
[PlyCount "87"]
[EventDate "2014.??.??"]

1. e4 c6 2. d4 d5 3. Nc3 dxe4 4. Nxe4 Bf5 5. Ng3 Bg6 6. Nf3 Nd7 7. h4 h6 8. Bd3
Bxd3 9. Qxd3 e6 10. Bd2 Ngf6 11. O-O-O a5 12. Kb1 a4 13. a3 Be7 14. Bc1 O-O 15.
Qe2 Qb6 16. Ka2 c5 17. Rhe1 cxd4 18. Nxd4 Bc5 19. Be3 Nd5 20. Ndf5 Nxe3 21.
Nxe3 Nf6 22. Nc4 Qa7 23. Rf1 b5 24. Ne5 b4 25. axb4 a3 26. b3 Bxb4 27. Nc6 Qc5
28. Qc4 Qxc4 29. bxc4 Bc3 30. Rd3 Bb2 31. f4 Rfe8 32. Rb3 Rac8 33. Rb6 Nd7 34.
Ra6 Nc5 35. Rb6 Na4 36. Ra6 Nc3+ 37. Kb3 Rxc6 38. Ra5 Rb8+ 39. Rb5 Nxb5 40.
cxb5 Rc3+ 41. Kb4 Rxg3 42. c4 a2 43. c5 a1=R 44. b6 0-1

[Event "USCL Week 10"]
[Site "Internet Chess Club"]
[Date "2014.10.28"]
[Round "?"]
[White "Chandran, Kapil"]
[Black "Defibaugh, Jared"]
[Result "1-0"]
[WhiteElo "2365"]
[BlackElo "2325"]
[PlyCount "65"]
[EventDate "2014.??.??"]

1. d4 Nf6 2. c4 g6 3. Nc3 d5 4. Bg5 Ne4 5. h4 Nxc3 6. bxc3 Bg7 7. e3 c5 8. cxd5
Qxd5 9. Qf3 Be6 10. Bb5+ Nc6 11. e4 Qd8 12. d5 Qa5 13. Rb1 Qxa2 14. Rc1 O-O 15.
Bxc6 Bc8 16. Bb5 a6 17. Bd3 c4 18. Bb1 Qb2 19. Ne2 f5 20. O-O e5 21. dxe6 Bxe6
22. Nf4 fxe4 23. Qxe4 Bf7 24. h5 Rae8 25. Qf3 Qb5 26. Qg3 Re5 27. Nh3 Be6 28.
hxg6 h6 29. Be3 Rh5 30. Nf4 Be5 31. g7 Rxf4 32. Bxf4 Rg5 33. Qe3 1-0

[Event "USCL Week 10"]
[Site "Internet Chess Club"]
[Date "2014.10.28"]
[Round "?"]
[White "Stripunsky, Alex"]
[Black "Zierk, Steven"]
[Result "0-1"]
[WhiteElo "2656"]
[BlackElo "2543"]
[PlyCount "86"]
[EventDate "2014.??.??"]

1. e4 e6 2. f4 d5 3. e5 c5 4. Nf3 Nc6 5. c3 d4 6. Bd3 Nge7 7. Na3 Nd5 8. g3 a6
9. Nc2 b5 10. cxd4 Nxd4 11. Ncxd4 cxd4 12. a3 Bc5 13. b4 Bb6 14. Bb2 Bb7 15.
Qe2 h6 16. Rc1 Rc8 17. Rxc8 Qxc8 18. O-O O-O 19. h4 Nc3 20. Qe1 Qa8 21. Kg2 Be4
22. Bxe4 Nxe4 23. d3 Nc3 24. Bxc3 dxc3 25. Qxc3 Rc8 26. Qd2 Qd5 27. d4 Rc4 28.
Rd1 Rxd4 29. Qxd4 Bxd4 30. Rxd4 Qa2+ 31. Kf1 Qxa3 32. Ke2 Qb2+ 33. Kf1 Kf8 34.
Rd8+ Ke7 35. Rd6 Qxb4 36. Nd4 Qc4+ 37. Kg2 g6 38. Nc6+ Kf8 39. Rd8+ Kg7 40. Ne7
Qc7 41. Rg8+ Kh7 42. Re8 b4 43. Kf2 Qd7 0-1

[Event "USCL Week 10"]
[Site "Internet Chess Club"]
[Date "2014.10.28"]
[Round "?"]
[White "Salimbagat, Rico"]
[Black "Brattain, Mika"]
[Result "1/2-1/2"]
[WhiteElo "2259"]
[BlackElo "2453"]
[PlyCount "82"]
[EventDate "2014.??.??"]

1. e4 c5 2. Nf3 d6 3. d4 cxd4 4. Nxd4 Nf6 5. Nc3 a6 6. Bd3 g6 7. O-O Bg7 8. Nb3
O-O 9. f4 Nc6 10. Qf3 Be6 11. h3 Rc8 12. Be3 Nb4 13. Rad1 Nxd3 14. cxd3 Bxb3
15. axb3 Qa5 16. d4 e6 17. e5 Nd5 18. Nxd5 Qxd5 19. Qxd5 exd5 20. Rc1 dxe5 21.
fxe5 Rfe8 22. Bg5 Bf8 23. Rc3 Bb4 24. Rcf3 Rc7 25. g4 Re6 26. R1f2 Rec6 27. h4
Bf8 28. h5 h6 29. Bd8 Rd7 30. Bf6 g5 31. Re2 Bg7 32. Bxg7 Kxg7 33. Rc3 Rxc3 34.
bxc3 Rc7 35. Rc2 b5 36. Kf2 f6 37. exf6+ Kxf6 38. b4 Rc6 39. Ke3 Ke7 40. Kd3
Rf6 41. Re2+ Re6 1/2-1/2

[Event "USCL Week 10"]
[Site "Internet Chess Club"]
[Date "2014.10.28"]
[Round "?"]
[White "Cunningham, Robin"]
[Black "Larson, Matthew"]
[Result "0-1"]
[WhiteElo "2268"]
[BlackElo "2251"]
[PlyCount "70"]
[EventDate "2014.??.??"]

1. e4 c5 2. Nf3 d6 3. d4 cxd4 4. Qxd4 a6 5. Be3 Nc6 6. Qd2 Nf6 7. Nc3 b5 8.
O-O-O Bd7 9. Bd3 e6 10. Bf4 b4 11. Ne2 Qa5 12. Kb1 Be7 13. Nc1 O-O 14. Rhe1 e5
15. Bg5 Be6 16. Bxf6 Bxf6 17. Nb3 Qc7 18. Qe2 a5 19. Nbd2 a4 20. Bc4 Na5 21.
Bd5 a3 22. Nb3 Bxd5 23. Rxd5 Nc4 24. c3 axb2 25. cxb4 Rfc8 26. Qd3 Qc6 27. b5
Qb6 28. Nbd2 Qa5 29. Qb3 Na3+ 30. Kxb2 Rc2+ 31. Qxc2 Nxc2 32. Kxc2 Qxa2+ 33.
Kd1 Be7 34. Ke2 f5 35. Ra1 Qxa1 0-1

[Event "USCL Week 10"]
[Site "Internet Chess Club"]
[Date "2014.10.28"]
[Round "?"]
[White "Hungaski, Robert"]
[Black "Ivanov, Alexander"]
[Result "1/2-1/2"]
[WhiteElo "2551"]
[BlackElo "2589"]
[PlyCount "66"]
[EventDate "2014.??.??"]

1. d4 Nf6 2. c4 e6 3. Nf3 b6 4. g3 Bb7 5. Bg2 Be7 6. O-O O-O 7. d5 exd5 8. Nh4
c6 9. cxd5 Nxd5 10. Nf5 Nc7 11. Nc3 Nba6 12. e4 Ne8 13. Qg4 Nc5 14. Be3 Ne6 15.
Rfd1 Nf6 16. Qe2 d5 17. exd5 Nxd5 18. Nxd5 cxd5 19. Bxd5 Bxd5 20. Rxd5 Qc7 21.
Rc1 Qb7 22. Rcd1 Bf6 23. b3 Rad8 24. Nd6 Qc6 25. Qd2 Be7 26. Nf5 Bf6 27. Nd6
Be7 28. Nb5 a6 29. Nd6 b5 30. Nf5 Bf6 31. Nd6 Be7 32. Nf5 Bf6 33. Nd6 Be7
1/2-1/2

[Event "USCL Week 10"]
[Site "Internet Chess Club"]
[Date "2014.10.28"]
[Round "?"]
[White "Francisco, Richard"]
[Black "Maldonado, Oscar"]
[Result "1-0"]
[WhiteElo "2382"]
[BlackElo "2209"]
[PlyCount "117"]
[EventDate "2014.??.??"]

1. e4 c5 2. Nf3 Nc6 3. Bb5 a6 4. Bxc6 dxc6 5. d3 Bg4 6. Be3 e5 7. h3 Bxf3 8.
Qxf3 Nf6 9. Nd2 Nd7 10. Qg3 Qf6 11. O-O Qg6 12. Qh2 Be7 13. Nc4 Qe6 14. f4 exf4
15. Bxf4 O-O 16. a4 b5 17. Ne3 c4 18. Nf5 Bf6 19. Qg3 Ne5 20. Nd4 Qe7 21. Nf5
Qe6 22. Bg5 Bxg5 23. Qxg5 Ng6 24. h4 Qd7 25. Qg4 Qa7+ 26. d4 f6 27. Kh1 Rad8
28. h5 Kf7 29. c3 Ne7 30. Qxg7+ Ke8 31. axb5 cxb5 32. Rxa6 Qb7 33. Nd6+ Rxd6
34. Rxd6 Qxe4 35. Rd8+ Kxd8 36. Qxf8+ Kd7 37. Qxf6 Qe2 38. Qf3 Qxb2 39. Qb7+
Ke8 40. Re1 Qa3 41. Qxb5+ Kf7 42. Qxc4+ Kg7 43. Qb4 Qxb4 44. cxb4 Nd5 45. b5
Kf6 46. Re5 Nb6 47. Rc5 Ke7 48. Rc6 Nd5 49. b6 Kd7 50. b7 Kxc6 51. b8=Q Nb6 52.
Qe5 Nd5 53. Qe6+ Kc7 54. Qxd5 Kc8 55. Qf7 Kb8 56. Qxh7 Kc8 57. Qg7 Kb8 58. h6
Ka8 59. h7 1-0

[Event "USCL Week 10"]
[Site "Internet Chess Club"]
[Date "2014.10.28"]
[Round "?"]
[White "Wang, Qibiao"]
[Black "Hernandez-Camen, Angel"]
[Result "0-1"]
[WhiteElo "2320"]
[BlackElo "2231"]
[PlyCount "108"]
[EventDate "2014.??.??"]

1. e4 e5 2. Bc4 Nc6 3. Nf3 Bc5 4. d3 Nf6 5. O-O O-O 6. c3 Bb6 7. Bg5 h6 8. Bh4
d6 9. b4 Be6 10. Nbd2 Qe7 11. a4 a6 12. Qb3 Ba7 13. Rfe1 b5 14. Bd5 g5 15. Bg3
Nh5 16. Qc2 Qd7 17. Kh1 Bxd5 18. exd5 Ne7 19. c4 f5 20. Bxe5 dxe5 21. Nxe5 Qd6
22. Qb3 Bxf2 23. Re2 Bd4 24. Rae1 Nf4 25. Ndf3 bxa4 26. Qxa4 Nxe2 27. Rxe2 Bxe5
28. Rxe5 g4 29. Re6 Qf4 30. Ng1 Qg5 31. Qd7 Rf7 32. Qxc7 f4 33. d6 Nf5 34. d7
Ng7 35. Rd6 Rd8 36. Qc6 f3 37. gxf3 gxf3 38. Nxf3 Qg4 39. Ng1 Rfxd7 40. Rxh6
Rxd3 41. Rg6 Qf5 42. Qg2 Qf7 43. c5 Rd2 44. Qg3 R8d3 45. Qg5 Qd5+ 46. Qxd5+
Rxd5 47. Rxa6 Rb2 48. c6 Rdd2 49. Nf3 Rd1+ 50. Ng1 Rbb1 51. Kg2 Rxg1+ 52. Kf2
Rgc1 53. Rb6 Nf5 54. Rb7 Rc3 0-1

[Event "USCL Week 10"]
[Site "Internet Chess Club"]
[Date "2014.10.28"]
[Round "?"]
[White "Barnett, Alex"]
[Black "Kim, Yoon-Young"]
[Result "1-0"]
[WhiteElo "2330"]
[BlackElo "2116"]
[PlyCount "129"]
[EventDate "2014.??.??"]

1. e4 e5 2. f4 exf4 3. Bc4 c6 4. Nc3 Nf6 5. Bb3 d5 6. exd5 cxd5 7. d4 Bd6 8.
Nge2 O-O 9. O-O Bg4 10. Bxf4 Bxf4 11. Rxf4 Nc6 12. Qd3 a6 13. Raf1 Bh5 14. Rxf6
gxf6 15. Nxd5 Bg6 16. Qf3 Kh8 17. c3 Qd6 18. Nxf6 Ne7 19. Qxb7 Nc6 20. Qd7 Rad8
21. Qg4 Ne7 22. Ng3 Qc6 23. Qg5 Ng8 24. Nxg8 Rxg8 25. Bxf7 Bxf7 26. Qe5+ Rg7
27. Rxf7 Qg6 28. Qxg7+ Qxg7 29. Rxg7 Kxg7 30. Kf2 Re8 31. Nf5+ Kf6 32. Ne3 Ke6
33. Ke2 Kd6 34. Kd3 Rb8 35. b3 Rf8 36. Ke2 a5 37. a3 Rc8 38. Nc4+ Ke7 39. a4
Rg8 40. g3 Rc8 41. Kd3 Ra8 42. d5 Kf6 43. Kd4 Kg5 44. d6 Kg4 45. Ne5+ Kh3 46.
g4 Kxh2 47. d7 Rd8 48. Kd5 Kg3 49. Kd6 Kf4 50. c4 h6 51. c5 Rxd7+ 52. Nxd7 Kxg4
53. c6 h5 54. Nf6+ Kg5 55. Nxh5 Kxh5 56. c7 Kh6 57. c8=N Kg7 58. Nb6 Kh7 59.
Nc4 Kh8 60. Nxa5 Kg8 61. Nc6 Kg7 62. b4 Kh7 63. b5 Kh8 64. b6 Kg8 65. b7 1-0

[Event "USCL Week 10"]
[Site "Internet Chess Club"]
[Date "2014.10.28"]
[Round "?"]
[White "Herman, Matt"]
[Black "Minear, Peter"]
[Result "1-0"]
[WhiteElo "2439"]
[BlackElo "2365"]
[PlyCount "89"]
[EventDate "2014.??.??"]

1. e4 e5 2. Nf3 Nc6 3. Bc4 Nf6 4. d3 Be7 5. O-O O-O 6. Re1 d6 7. a4 Bg4 8. h3
Bh5 9. Nbd2 Nd7 10. g4 Bg6 11. a5 a6 12. Nf1 Nc5 13. Ne3 Ne6 14. Nd5 Ncd4 15.
Nxe7+ Qxe7 16. c3 Nxf3+ 17. Qxf3 f6 18. Be3 Bf7 19. Qg3 Nc5 20. Bxf7+ Qxf7 21.
Bxc5 dxc5 22. Qe3 b6 23. b4 cxb4 24. cxb4 Rab8 25. Rec1 Rfd8 26. Rc4 Qd7 27.
Kg2 h6 28. Ra3 bxa5 29. bxa5 Rb7 30. Rac3 Kh7 31. Qf3 Kh8 32. h4 Qe7 33. Qf5
Qd7 34. Qf3 Qe7 35. Rc6 Rd6 36. Qf5 Rxc6 37. Rxc6 Qd8 38. Rxa6 Rb8 39. Rc6 Qxd3
40. Rxc7 Ra8 41. Qg6 Rg8 42. Rf7 Qa6 43. g5 Qe2 44. gxh6 gxh6 45. Rh7# 1-0

[Event "USCL Week 10"]
[Site "Internet Chess Club"]
[Date "2014.10.28"]
[Round "?"]
[White "Burke, John Michael"]
[Black "Martirosov, Vadim"]
[Result "1/2-1/2"]
[WhiteElo "2295"]
[BlackElo "2381"]
[PlyCount "78"]
[EventDate "2014.??.??"]

1. e4 e5 2. Nf3 Nc6 3. Bb5 Nf6 4. O-O Nxe4 5. d4 Be7 6. Qe2 Nd6 7. Bxc6 dxc6 8.
dxe5 Nf5 9. Rd1 Bd7 10. e6 fxe6 11. Ne5 Bd6 12. Qh5+ g6 13. Nxg6 Ng7 14. Qh6
Nf5 15. Qh3 Rg8 16. Qxh7 Rg7 17. Qh5 Qf6 18. Ne5+ Ke7 19. Ng4 Qh4 20. Qxh4+
Nxh4 21. h3 e5 22. f3 Bf5 23. Re1 Bxc2 24. Bf4 Kd7 25. Bxe5 Re8 26. Nf6+ Kd8
27. Nxe8 Rxg2+ 28. Kh1 Bxe5 29. Rxe5 Rf2 30. Nf6 Bg6 31. Nc3 Rxf3 32. Nfe4
Rxh3+ 33. Kg1 Rxc3 34. Rd1+ Kc8 35. Re7 Rc2 36. Rdd7 Nf3+ 37. Kf1 Bxe4 38.
Rxc7+ Kd8 39. Rcd7+ Kc8 1/2-1/2

[Event "USCL Week 10"]
[Site "Internet Chess Club"]
[Date "2014.10.28"]
[Round "?"]
[White "Korley, Kassa"]
[Black "So, Wesley"]
[Result "0-1"]
[WhiteElo "2486"]
[BlackElo "2751"]
[PlyCount "96"]
[EventDate "2014.??.??"]

1. Nf3 d5 2. g3 c6 3. Bg2 Bg4 4. O-O e6 5. c4 Nd7 6. cxd5 exd5 7. d3 Ngf6 8.
Nc3 Bc5 9. Bf4 O-O 10. Qc2 Qe7 11. e4 dxe4 12. dxe4 Bxf3 13. Bxf3 Ne5 14. Bxe5
Qxe5 15. Kg2 Rad8 16. Rad1 g5 17. Be2 g4 18. f4 gxf3+ 19. Rxf3 Rxd1 20. Bxd1
Bd4 21. Rf5 Qe6 22. Qd3 Bxc3 23. Rg5+ Kh8 24. Qxc3 Rd8 25. Bc2 Qd6 26. Rf5 Qd2+
27. Kf3 Qxc3+ 28. bxc3 Rd2 29. Bb3 Kg7 30. g4 h6 31. h4 Rd3+ 32. Kf4 Rh3 33.
Ke5 Nxg4+ 34. Kf4 Nf6 35. Ke5 Ng4+ 36. Kf4 Nf6 37. Ke5 Nd7+ 38. Kd6 Rd3+ 39.
Ke7 f6 40. h5 Ne5 41. Rf2 Nf3 42. Bd1 Ng5 43. Bc2 Rxc3 44. Rd2 c5 45. Ke8 c4
46. Rd7+ Kg8 47. Bd1 Nxe4 48. Bg4 f5 0-1

[Event "USCL Week 10"]
[Site "Internet Chess Club"]
[Date "2014.10.28"]
[Round "?"]
[White "Shmelov, Denys"]
[Black "Benjamin, Joel"]
[Result "1/2-1/2"]
[WhiteElo "2473"]
[BlackElo "2634"]
[PlyCount "93"]
[EventDate "2014.??.??"]

1. d4 Nf6 2. c4 e6 3. Nc3 Bb4 4. Qc2 d6 5. Bg5 h6 6. Bh4 c5 7. e3 cxd4 8. exd4
Nc6 9. Nge2 Bxc3+ 10. Qxc3 g5 11. Bg3 Ne4 12. Qa3 Qa5+ 13. Qxa5 Nxa5 14. Rc1
Bd7 15. Nc3 Nxg3 16. hxg3 Rc8 17. b3 d5 18. cxd5 exd5 19. Kd2 Be6 20. Bd3 Nc6
21. Bb5 Ke7 22. Bxc6 Rxc6 23. Na4 Rxc1 24. Rxc1 Kd6 25. Nc3 Bd7 26. Rh1 Rh7 27.
f3 h5 28. Nd1 f6 29. Ne3 Rh8 30. g4 h4 31. g3 h3 32. Rh2 a5 33. Ke1 Bb5 34. Kf2
Bd3 35. Rh1 b5 36. Nf5+ Kd7 37. Ke3 Bc2 38. Kd2 Bxf5 39. gxf5 b4 40. g4 h2 41.
Ke3 Ke7 42. Kf2 Kf7 43. Kg2 Kg7 44. Rc1 h1=Q+ 45. Rxh1 Rxh1 46. Kxh1 Kf7 47.
Kg2 1/2-1/2

[Event "USCL Week 10"]
[Site "Internet Chess Club"]
[Date "2014.10.28"]
[Round "?"]
[White "Vigorito, David"]
[Black "Shvartsman, Andrew"]
[Result "1/2-1/2"]
[WhiteElo "2519"]
[BlackElo "2432"]
[PlyCount "88"]
[EventDate "2014.??.??"]

1. Nf3 Nf6 2. c4 g6 3. Nc3 Bg7 4. e4 d6 5. d4 O-O 6. Be2 e5 7. O-O Nc6 8. d5
Ne7 9. Ne1 Ne8 10. f3 f5 11. Nd3 f4 12. Bd2 g5 13. c5 h5 14. a4 a5 15. Rc1 Rf7
16. Nb5 Bf8 17. cxd6 cxd6 18. b4 Rg7 19. h3 g4 20. hxg4 hxg4 21. fxg4 Ng6 22.
Nf2 Be7 23. Rc3 Bh4 24. Rh3 Nf6 25. Bf3 Bg3 26. bxa5 Nh4 27. Qe2 Bxf2+ 28. Kxf2
Nxg4+ 29. Ke1 Nxf3+ 30. gxf3 Ne3 31. Rhh1 Nxf1 32. Kxf1 Qg5 33. Qh2 Qg6 34. Bb4
Ra6 35. Nxd6 Rxd6 36. Bxd6 Qxd6 37. Qh8+ Kf7 38. Qxc8 Qa6+ 39. Kf2 Qa7+ 40. Kf1
Qa6+ 41. Kf2 Qa7+ 42. Kf1 Qa6+ 43. Kf2 Qa7+ 44. Kf1 Qa6+ 1/2-1/2

[Event "USCL Week 10"]
[Site "Internet Chess Club"]
[Date "2014.10.28"]
[Round "?"]
[White "Rubenchik, Rodion"]
[Black "Ma, Whee Ky"]
[Result "1/2-1/2"]
[WhiteElo "2329"]
[BlackElo "2339"]
[PlyCount "128"]
[EventDate "2014.??.??"]

1. d4 c5 2. d5 Nf6 3. Nc3 g6 4. e4 d6 5. Bb5+ Bd7 6. a4 Bg7 7. h3 O-O 8. Nf3
Na6 9. O-O Nc7 10. Bc4 a6 11. e5 Nfe8 12. Re1 b5 13. Bf1 bxa4 14. Nxa4 Rb8 15.
b3 Bb5 16. c4 Bxa4 17. Rxa4 Rb6 18. Bf4 Qb8 19. Ra3 f6 20. exd6 exd6 21. Bd3 f5
22. Bc2 Nf6 23. Ng5 Re8 24. Ne6 Nxe6 25. dxe6 Qc8 26. Qe2 d5 27. cxd5 Nxd5 28.
Qc4 Nxf4 29. Qxf4 Rexe6 30. Qc4 Bd4 31. Bd3 Kg7 32. Rf1 Qd7 33. Qc2 Qd6 34. Bc4
Re7 35. Ra2 h5 36. Qd3 h4 37. Rxa6 Rxa6 38. Bxa6 Qf4 39. Qf3 Qxf3 40. gxf3 Kf6
41. Bc4 Kg5 42. Kg2 Ra7 43. Re1 Ra2 44. Re2 Ra1 45. Rc2 Kf4 46. Bf7 g5 47. Be6
Re1 48. Bc8 Rd1 49. Ba6 Ra1 50. Bc8 Rb1 51. Be6 Rd1 52. Bc4 Re1 53. Be2 Ke5 54.
Bc4 Rb1 55. Bg8 Ra1 56. Bc4 Kf4 57. Be6 Ra6 58. Re2 Rd6 59. Bc4 Be5 60. Rc2 Rh6
61. Be2 Bd4 62. b4 cxb4 63. Rc4 Ke5 64. Rxb4 Rb6 1/2-1/2

[Event "USCL Week 10"]
[Site "Internet Chess Club"]
[Date "2014.10.28"]
[Round "?"]
[White "Paragua, Mark"]
[Black "Bregadze, Levan"]
[Result "0-1"]
[WhiteElo "2588"]
[BlackElo "2530"]
[PlyCount "104"]
[EventDate "2014.??.??"]

1. d4 d5 2. Bg5 f6 3. Bf4 Nc6 4. e3 e5 5. Bg3 exd4 6. exd4 Be6 7. Bb5 Qd7 8.
Ne2 O-O-O 9. O-O g5 10. c4 h5 11. h3 a6 12. Bxc6 Qxc6 13. cxd5 Bxd5 14. Nd2 Bd6
15. Rc1 Qd7 16. Bxd6 Qxd6 17. Nc3 Ne7 18. Nde4 Bxe4 19. Nxe4 Qxd4 20. Qc2 Qb6
21. Nxf6 Kb8 22. Rfe1 Nd5 23. Nxd5 Rxd5 24. Re7 Rc8 25. Rg7 g4 26. h4 Rd6 27.
Rg5 Rcd8 28. Qb3 Qd4 29. Rxh5 Qf4 30. Rhc5 Rd3 31. R5c4 Qh6 32. R4c3 g3 33.
fxg3 Qe3+ 34. Kh1 Qxg3 35. Rxd3 Rxd3 36. Qb4 Rd8 37. Rf1 Qg7 38. Qf4 Qxb2 39.
Rf2 Qb1+ 40. Kh2 b6 41. h5 Rd1 42. Kg3 Rd5 43. Qf8+ Ka7 44. Qf7 Rg5+ 45. Kh2
Qc1 46. h6 Rg4 47. Kh3 Rc4 48. h7 Qh1+ 49. Kg3 Qh4+ 50. Kf3 Qg4+ 51. Ke3 Qe4+
52. Kd2 Rc2+ 0-1

[Event "USCL Week 10"]
[Site "Internet Chess Club"]
[Date "2014.10.28"]
[Round "?"]
[White "Kaufman, Larry"]
[Black "Barbosa, Oliver"]
[Result "0-1"]
[WhiteElo "2391"]
[BlackElo "2579"]
[PlyCount "98"]
[EventDate "2014.??.??"]

1. d4 d5 2. c4 c6 3. cxd5 cxd5 4. Bf4 Nc6 5. e3 Nf6 6. Nc3 a6 7. Bd3 Bg4 8.
Nge2 g6 9. h3 Bd7 10. O-O Bg7 11. a3 O-O 12. Rc1 b5 13. b4 Qb6 14. Qb3 e6 15.
Qb1 Rfc8 16. Bg3 Ne7 17. Be5 Be8 18. g4 Nd7 19. Bxg7 Kxg7 20. Nf4 Qd6 21. Rfd1
Nb6 22. Nce2 Nc4 23. Bxc4 bxc4 24. e4 a5 25. e5 Qb6 26. Ng3 axb4 27. axb4 Ba4
28. Rc3 Bxd1 29. Qxd1 Kh8 30. Qf3 Qxd4 31. Re3 Ra1+ 32. Kh2 Ng8 33. Nfe2 Qa7
34. Qf4 Rb1 35. b5 Rxb5 36. Kg2 Rb3 37. Nd4 Rxe3 38. Qxe3 c3 39. Nge2 Qc5 40.
Qf4 c2 41. Nc1 Rb8 42. Nf3 Rb4 43. Qd2 Rb1 44. Ng5 Kg7 45. Qf4 Qe7 46. h4 h6
47. Nf3 Qa3 48. g5 h5 49. Nd4 Qxc1 0-1

[Event "USCL Week 10"]
[Site "Internet Chess Club"]
[Date "2014.10.28"]
[Round "?"]
[White "Gulamali, Kazim"]
[Black "Martinez, Marcel"]
[Result "0-1"]
[WhiteElo "2397"]
[BlackElo "2474"]
[PlyCount "76"]
[EventDate "2014.??.??"]

1. Nf3 Nf6 2. c4 c6 3. d4 d5 4. Nc3 dxc4 5. a4 Bf5 6. e3 e6 7. Bxc4 Bb4 8. O-O
O-O 9. Ne5 Nbd7 10. Qb3 a5 11. Nxd7 Qxd7 12. Rd1 Qe7 13. f3 e5 14. e4 Bg6 15.
Be3 Rfd8 16. d5 Bc5 17. Bxc5 Qxc5+ 18. Kh1 h5 19. Rd3 h4 20. Rf1 Rac8 21. Qa2
Qb4 22. b3 Nh5 23. Qf2 Nf4 24. Re3 Qc5 25. g3 Nh5 26. Kg2 Qe7 27. Kh1 Rd6 28.
Ree1 hxg3 29. hxg3 Bh7 30. Rg1 Qg5 31. Rg2 Rg6 32. Reg1 Qh6 33. Rh2 Qg5 34. Rh3
Rh6 35. Kh2 Rd8 36. f4 Qe7 37. f5 Qg5 38. Kg2 Nf4+ 0-1

[Event "USCL Week 10"]
[Site "Internet Chess Club"]
[Date "2014.10.28"]
[Round "?"]
[White "Finegold, Ben"]
[Black "Mu, Joshua"]
[Result "0-1"]
[WhiteElo "2591"]
[BlackElo "2252"]
[PlyCount "74"]
[EventDate "2014.??.??"]

1. b3 e5 2. Bb2 d6 3. e3 f5 4. d4 e4 5. Nh3 Nf6 6. Nf4 d5 7. c4 c6 8. Nc3 Bd6
9. g3 O-O 10. cxd5 Bxf4 11. gxf4 cxd5 12. Qd2 Nc6 13. Ba3 Rf7 14. Rc1 Be6 15.
Na4 Rc7 16. Nc5 Bc8 17. Be2 Ng4 18. b4 Qh4 19. Bxg4 Qxg4 20. Na4 Bd7 21. b5 Qg2
22. Rf1 Ne7 23. Rb1 Ng6 24. f3 exf3 25. Qxg2 fxg2 26. Rg1 Re8 27. Bd6 Rc2 28.
Kd1 Rf2 29. Nc5 Bxb5 30. Rxb5 Rf1+ 31. Ke2 Rxg1 32. Kf2 Ra1 33. Kxg2 Rxa2+ 34.
Kf3 b6 35. Nd3 Rxh2 36. Be5 Rc8 37. Rb1 Rcc2 0-1

[Event "USCL Week 10"]
[Site "Internet Chess Club"]
[Date "2014.10.28"]
[Round "?"]
[White "Gonzalez, Federico"]
[Black "Gurevich, Daniel"]
[Result "1/2-1/2"]
[WhiteElo "2315"]
[BlackElo "2393"]
[PlyCount "130"]
[EventDate "2014.??.??"]

1. e4 c5 2. Nf3 Nc6 3. c3 Nf6 4. e5 Nd5 5. d4 cxd4 6. cxd4 d6 7. Nc3 dxe5 8.
Nxe5 Nxc3 9. Nxc6 Nxd1 10. Nxd8 Kxd8 11. Kxd1 Be6 12. Bd3 Bd5 13. f3 e6 14. Bf4
Rc8 15. Ke2 Kd7 16. Rhc1 Bd6 17. Bxd6 Kxd6 18. a3 h6 19. Ke3 g5 20. Rc3 Rxc3
21. bxc3 Rc8 22. Kd2 f5 23. h4 f4 24. hxg5 hxg5 25. Rh1 g4 26. Be4 gxf3 27.
gxf3 Bxe4 28. fxe4 Rg8 29. Rh6 Rg2+ 30. Kd3 Rg3+ 31. Kc4 b5+ 32. Kxb5 Re3 33.
e5+ Kd5 34. Kb4 f3 35. Rf6 Ke4 36. Kc4 a6 37. Rf8 Re1 38. d5 exd5+ 39. Kc5 f2
40. e6 Kd3 41. Rxf2 Rxe6 42. Kxd5 Re8 43. Rf3+ Kc2 44. c4 Rd8+ 45. Kc5 Rc8+ 46.
Kb4 Rb8+ 47. Ka5 Rc8 48. Rf4 Rc6 49. Kb4 Rb6+ 50. Kc5 Rb8 51. Kd6 Kb3 52. c5
Kxa3 53. c6 a5 54. c7 Rc8 55. Kd7 Rh8 56. c8=Q Rxc8 57. Kxc8 a4 58. Kb7 Kb3 59.
Kb6 a3 60. Kb5 a2 61. Rf1 Kb2 62. Kb4 a1=Q 63. Rf2+ Kc1 64. Rf1+ Kb2 65. Rxa1
Kxa1 1/2-1/2

[Event "USCL Week 10"]
[Site "Internet Chess Club"]
[Date "2014.10.28"]
[Round "?"]
[White "Becerra, Julio"]
[Black "Aaron, Deepak"]
[Result "1/2-1/2"]
[WhiteElo "2626"]
[BlackElo "2446"]
[PlyCount "117"]
[EventDate "2014.??.??"]

1. e4 e5 2. Nf3 Nc6 3. Bb5 a6 4. Ba4 Nf6 5. O-O b5 6. Bb3 Bc5 7. a4 Rb8 8. axb5
axb5 9. c3 d6 10. d4 Bb6 11. Na3 Bg4 12. Nxb5 O-O 13. Be3 d5 14. exd5 Nxd5 15.
Bg5 Bxf3 16. Qxf3 Qxg5 17. Bxd5 Ne7 18. Bc4 exd4 19. Nxd4 Ng6 20. Nc6 Rbe8 21.
Rfe1 Nh4 22. Qd5 Qf6 23. Kh1 g6 24. f4 Rxe1+ 25. Rxe1 Nf5 26. g3 Ne3 27. Qe4
Ng4 28. Kg2 Qd6 29. Ne7+ Kg7 30. Nd5 Nf6 31. Nxf6 Qxf6 32. Rd1 Rd8 33. Rxd8
Qxd8 34. Bd5 c5 35. Qe5+ Qf6 36. Kf3 Qxe5 37. fxe5 f5 38. Ke2 Bc7 39. e6 Kf6
40. Kd3 Ke7 41. Kc4 Bd6 42. Kb5 h5 43. Kc4 g5 44. Kd3 h4 45. gxh4 gxh4 46. h3
Kf6 47. Kc4 Ke7 48. Kb5 Kf6 49. Kc6 Be7 50. Bc4 Bf8 51. Kd7 Be7 52. Be2 Bf8 53.
Bd3 f4 54. Be2 Be7 55. Bg4 Bf8 56. Bf3 Be7 57. Bd5 Bf8 58. Bf3 Be7 59. Bd5
1/2-1/2

[Event "USCL Week 10"]
[Site "Internet Chess Club"]
[Date "2014.10.28"]
[Round "?"]
[White "Finegold, Spencer"]
[Black "Jones, Craig"]
[Result "1-0"]
[WhiteElo "2187"]
[BlackElo "2232"]
[PlyCount "115"]
[EventDate "2014.??.??"]

1. e4 d5 2. exd5 Qxd5 3. Nc3 Qa5 4. Bc4 Nf6 5. d3 c6 6. Nge2 Bf5 7. O-O e6 8.
Bf4 Nbd7 9. Ng3 Bg6 10. Nge4 Nb6 11. Nxf6+ gxf6 12. Bb3 O-O-O 13. Bg3 h5 14.
Bh4 Qf5 15. a4 Be7 16. a5 Nd7 17. a6 b6 18. f4 Nc5 19. Qf3 Kc7 20. Bc4 Qg4 21.
g3 Qxf3 22. Rxf3 b5 23. Ba2 b4 24. Ne2 b3 25. Bxb3 Nxb3 26. cxb3 Bxd3 27. Kf2
Kb6 28. Nc3 Bxa6 29. Ne4 Rd4 30. Re3 Rhd8 31. Rc1 c5 32. Ke1 R8d5 33. Nc3 Rf5
34. Ne2 Rd7 35. Rd1 Rfd5 36. Rxd5 Rxd5 37. Nc3 Rd7 38. Ne4 f5 39. Bxe7 fxe4 40.
Bf6 Bd3 41. Kd2 Rb7 42. h4 Kc6 43. g4 e5 44. Bxe5 hxg4 45. Bf6 Kd5 46. f5 Rb6
47. Bg7 Ra6 48. Re1 g3 49. h5 g2 50. Rg1 Bf1 51. h6 f6 52. h7 Kd4 53. Bh6 Rd6
54. h8=Q e3+ 55. Ke1 Kd3 56. Qe8 e2 57. Qe3+ Kc2 58. Qxc5+ 1-0

[Event "USCL Week 10"]
[Site "Internet Chess Club"]
[Date "2014.10.29"]
[Round "?"]
[White "Ramachandran, Karthik"]
[Black "Golub, David"]
[Result "0-1"]
[WhiteElo "2257"]
[BlackElo "2270"]
[PlyCount "88"]
[EventDate "2014.??.??"]

1. e4 e5 2. Nf3 Nc6 3. Bb5 Nf6 4. O-O Nxe4 5. d4 Nd6 6. Bxc6 dxc6 7. dxe5 Nf5
8. Qxd8+ Kxd8 9. Nc3 Ke8 10. Re1 Bb4 11. Bd2 Bxc3 12. Bxc3 h6 13. h3 Be6 14.
Rad1 c5 15. Nd2 b6 16. f4 h5 17. Ne4 h4 18. Kf2 Rd8 19. Rxd8+ Kxd8 20. Rd1+ Kc8
21. a3 a5 22. Ng5 Kb7 23. Nxe6 fxe6 24. Kf3 Kc6 25. Be1 Nd4+ 26. Ke4 Nxc2 27.
Bf2 Nd4 28. Bxd4 Rd8 29. a4 g6 30. Rd3 Rxd4+ 31. Rxd4 cxd4 32. Kxd4 b5 33.
axb5+ Kxb5 34. Ke3 c5 35. Kf3 a4 36. Kg4 c4 37. Kxh4 a3 38. bxa3 c3 39. Kg5 c2
40. Kxg6 c1=Q 41. Kg5 Qxa3 42. Kf6 Qf8+ 43. Kxe6 Qxf4 44. Kd5 Qd2+ 0-1